Paul's theology of preaching : (Record no. 9446)
[ view plain ]
| 000 -LEADER | |
|---|---|
| fixed length control field | 01642cam a2200373 i 4500 |
| 001 - CONTROL NUMBER | |
| control field | 18552867 |
| 003 - CONTROL NUMBER IDENTIFIER | |
| control field | GBCCL |
| 005 - DATE AND TIME OF LATEST TRANSACTION | |
| control field | 20241126110712.0 |
| 008 - FIXED-LENGTH DATA ELEMENTS--GENERAL INFORMATION | |
| fixed length control field | 150403s2015 ilu b 001 0 eng |
| 010 ## - | |
| -- | 2015013535 |
| 020 ## - INTERNATIONAL STANDARD BOOK NUMBER | |
| International Standard Book Number | 9780830824717 (pbk. : alk. paper) |
| 020 ## - INTERNATIONAL STANDARD BOOK NUMBER | |
| International Standard Book Number | 9789385080920 |
| 040 ## - CATALOGING SOURCE | |
| Original cataloging agency | DLC |
| Language of cataloging | eng |
| Transcribing agency | DLC |
| Description conventions | rda |
| Modifying agency | DLC |
| 042 ## - | |
| -- | pcc |
| 050 00 - | |
| -- | BS2675.6.P68 |
| -- | L58 2015 |
| 082 00 - DEWEY DECIMAL CLASSIFICATION NUMBER | |
| Classification number | 227.2067 |
| Edition information | 23 |
| Item number | LIT |
| 100 1# - MAIN ENTRY--PERSONAL NAME | |
| Personal name | Litfin, A. Duane. |
| 9 (RLIN) | 16475 |
| 240 10 - | |
| -- | St. Paul's theology of proclamation |
| 245 10 - TITLE STATEMENT | |
| Title | Paul's theology of preaching : |
| Remainder of title | the Apostle's challenge to the art of persuasion in ancient Corinth / |
| Statement of responsibility, etc. | Duane Litfin. |
| 264 #1 - PRODUCTION, PUBLICATION, DISTRIBUTION, MANUFACTURE, AND COPYRIGHT NOTICE | |
| Place of production, publication, distribution, manufacture | Secunderabad: |
| Name of producer, publisher, distributor, manufacturer | GS Books, |
| Date of production, publication, distribution, manufacture, or copyright notice | 2019 |
| 300 ## - PHYSICAL DESCRIPTION | |
| Extent | 392 pages ; |
| Dimensions | 23 cm |
| 336 ## - CONTENT TYPE | |
| Content type term | text |
| Content type code | txt |
| Source | rdacontent |
| 337 ## - MEDIA TYPE | |
| Media type term | unmediated |
| Media type code | n |
| Source | rdamedia |
| 338 ## - CARRIER TYPE | |
| Carrier type term | volume |
| Carrier type code | nc |
| Source | rdacarrier |
| 500 ## - GENERAL NOTE | |
| General note | "Original edition copyright 1994, by Duane Litfin, published by Cambridge University Press under the title St. Paul's theology of proclamation : 1 Corinthians 1-4 and Greco-Roman rhetoric, Vol. 79 in the Society for New Testament studies monograph series"--Title page verso. |
| 504 ## - BIBLIOGRAPHY, ETC. NOTE | |
| Bibliography, etc. note | Includes bibliographical references (pages 360-386) and indexes. |
| 630 00 - SUBJECT ADDED ENTRY--UNIFORM TITLE | |
| Uniform title | Bible. |
| Name of part/section of a work | Corinthians, 1st, I-IV |
| General subdivision | Criticism, interpretation, etc. |
| 9 (RLIN) | 16476 |
| 650 #0 - SUBJECT ADDED ENTRY--TOPICAL TERM | |
| Topical term or geographic name entry element | Preaching |
| General subdivision | Biblical teaching. |
| 9 (RLIN) | 13229 |
| 650 #0 - SUBJECT ADDED ENTRY--TOPICAL TERM | |
| Topical term or geographic name entry element | Rhetoric, Ancient. |
| 9 (RLIN) | 16477 |
| 650 #0 - SUBJECT ADDED ENTRY--TOPICAL TERM | |
| Topical term or geographic name entry element | Rhetoric in the Bible. |
| 9 (RLIN) | 16478 |
| 906 ## - LOCAL DATA ELEMENT F, LDF (RLIN) | |
| a | 7 |
| b | cbc |
| c | orignew |
| d | 1 |
| e | ecip |
| f | 20 |
| g | y-gencatlg |
| 942 ## - ADDED ENTRY ELEMENTS (KOHA) | |
| Source of classification or shelving scheme | Dewey Decimal Classification |
| Koha item type | Books |
| Koha issues (borrowed), all copies | 2 |
| Withdrawn status | Lost status | Source of classification or shelving scheme | Damaged status | Not for loan | Home library | Current Library | Shelving location | Date acquired | Total checkouts | Full call number | Barcode | Date last seen | Date last checked out | Copy number | Price effective from | Koha item type |
|---|---|---|---|---|---|---|---|---|---|---|---|---|---|---|---|---|
| Dewey Decimal Classification | GRACE BIBLE COLLEGE | GRACE BIBLE COLLEGE | Biblical Studies | 2022-12-12 | 2 | 227.2067 LIT | 015941 | 2025-05-01 | 2023-10-21 | c.1 | 2022-12-12 | Books |